| 000 | 00674nam a2200217Ia 4500 | ||
|---|---|---|---|
| 003 | GCL | ||
| 008 | 140319s9999 xx 000 0 ara d | ||
| 040 |
_aGCL / _cGCL |
||
| 082 | 0 | 4 |
_a227 _bس ت |
| 100 | 1 | _aالسيوطى | |
| 245 | 1 | 0 |
_aتفسير وبيان كلمات القران الكريم للامامين الجليلين السيوطى والمحلى / _cالسيوطى |
| 700 | 1 | _aالمحلى | |
| 300 | _a604 ص | ||
| 490 | _a | ||
| 650 | 0 | 4 | _aتفسير القران الكريم |
| 650 | 0 | 4 | _aالقران - سور وايات |
| 650 | 0 | 4 | _aالقران |
| 650 | 0 | 4 | _aالقران - تفاسير |
| 650 | 0 | 4 | _aمفسر القران |
| 942 |
_2ddc _cBK |
||
| 999 |
_c47880 _d47880 |
||